Reel guide to the holding of the John M. Echols collection on Southeast Asia filmed as part of the great collections microfilming project I, 1988 - 1991

Đã lưu trong:
书目详细资料
格式: 图书
语言:Undetermined
出版: Jakarta Batavia 1991
主题:
标签: 添加标签
没有标签, 成为第一个标记此记录!
Thư viện lưu trữ: Trung tâm Học liệu Trường Đại học Cần Thơ
LEADER 00538nam a2200157Ia 4500
001 CTU_102196
008 210402s9999 xx 000 0 und d
082 |a 016 
082 |b R322 
245 0 |a Reel guide to the holding of the John M. Echols collection on Southeast Asia filmed as part of the great collections microfilming project I, 1988 - 1991 
260 |a Jakarta 
260 |b Batavia 
260 |c 1991 
650 |a Microfilming project,Bibliogaphy 
904 |i Hiếu 
980 |a Trung tâm Học liệu Trường Đại học Cần Thơ